Molekulární biologie /

Gespeichert in:
Bibliographische Detailangaben
1. Verfasser: Bresler, Semen Jefimovič (VerfasserIn)
Weitere Verfasser: Zadražil, S. (ÜbersetzerIn), Kalousek, F. (ÜbersetzerIn)
Format: Buch
Sprache:Tschechisch
Russisch
Veröffentlicht: Praha : Academia, nakladatelství Československé akademie věd, 1966
Ausgabe:[1. vyd.]
Schlagworte:
Online-Zugang: Volltext
Tags: Tag hinzufügen
Keine Tags, Fügen Sie den ersten Tag hinzu!

MARC

LEADER 00000cam a2200000 4500
003 SK-BrCVT
005 20220617230243.0
008 080317s1966 cs e ||||||cze d
035 |a CVTIDW1438946 
040 |b slo  |a CVTI SR  |e AACR2 
041 1 |a cze  |h rus 
044 |a cs 
080 |a 577.2  |2 UDC-MRF 
100 1 |a Bresler, Semen Jefimovič  |4 aut 
245 1 0 |a Molekulární biologie /  |c Semen Jefimovič Bresler ; z ruského originálu přeložili: S. Zadražil, F. Kalousek 
250 |a [1. vyd.] 
260 |a Praha :  |b Academia, nakladatelství Československé akademie věd,  |c 1966 
300 |a 474 s. :  |b fotogr., grafy, lit., obr., tab. ; 
653 1 |a molekulárna biológia 
700 1 |a Zadražil, S.  |4 trl 
700 1 |a Kalousek, F.  |4 trl 
910 |b A194672 
974 |f Knihy 
992 |a AUV 
999 |c 163274  |d 163274